UCM

Mamiferos uma seleccao da nossa fauna (Record no. 56438)

MARC details
000 -LEADER
fixed length control field 00327nam a22001337a 4500
008 - FIXED-LENGTH DATA ELEMENTS--GENERAL INFORMATION
fixed length control field 260619b |||||||| |||| 00| 0 eng d
100 ## - MAIN ENTRY--PERSONAL NAME
Personal name FERRAO JORGE
245 ## - TITLE STATEMENT
Title Mamiferos uma seleccao da nossa fauna
250 ## - EDITION STATEMENT
Edition statement 1ed
260 ## - PUBLICATION, DISTRIBUTION, ETC. (IMPRINT)
Place of publication, distribution, etc Maputo
Name of publisher, distributor, etc Texto Editora
Date of publication, distribution, etc 2010
300 ## - PHYSICAL DESCRIPTION
Extent 128p
650 ## - SUBJECT ADDED ENTRY--TOPICAL TERM
Topical term or geographic name as entry element mamiferos
942 ## - ADDED ENTRY ELEMENTS (KOHA)
Source of classification or shelving scheme Universal Decimal Classification
Item type Books
Holdings
Withdrawn status Lost status Source of classification or shelving scheme Damaged status Not for loan Collection code Home library Current library Shelving location Date acquired Total Checkouts Full call number Barcode Date last seen Copy number Price effective from Koha item type
    Universal Decimal Classification     Reference Tete - Faculdade de Mineralogia Tete - Faculdade de Mineralogia General Stacks 19/06/2026   91 22082391312 19/06/2026 1 19/06/2026 Books

Universidade Católica de Moçambique - Rua Marquês de Soveral, 960, Palmeiras II, Beira, Moçambique

Tel (Central): (+258) 23 313 077 - Fax: (+258) 23 311 520 - Email: reitoria@ucm.ac.mz - Web: www.ucm.ac.mz